| 000 | 00819cam a22002773a 4500 | ||
|---|---|---|---|
| 001 | 2356 | ||
| 003 | PGUSA | ||
| 005 | 20140828083013.0 | ||
| 008 | 001001s2000||||xxu|||||s|||||000 1 eng d | ||
| 040 |
_aPGUSA _beng |
||
| 042 | _adc | ||
| 050 | 4 | _aPR | |
| 100 | 1 |
_aJerome, Jerome K. _q(Jerome Klapka), _d1859-1927 |
|
| 245 | 1 | 0 |
_aTommy and Co. _h[electronic resource] / _cJerome K. Jerome |
| 260 |
_bProject Gutenberg, _c2000 |
||
| 506 | _aPublic domain in the USA. | ||
| 516 | _aElectronic text | ||
| 653 | _aEngland -- Social life and customs -- Fiction | ||
| 653 | _aPeriodical editors -- Fiction | ||
| 653 | _aOrphans -- Fiction | ||
| 653 | _aLondon (England) -- Fiction | ||
| 740 | 0 | _aTommy and Co. | |
| 830 | 0 |
_aProject Gutenberg _v2356 |
|
| 856 | 4 | 0 | _uhttp://www.gutenberg.org/ebooks/2356 |
| 942 | _cEB | ||
| 999 |
_c231693 _d231693 |
||